[Event "16th TCh-CRO"]
[Site "Sibenik CRO"]
[Date "2007.05.18"]
[Round "2"]
[White "Kozul,Z"]
[Black "Zelcic,R"]
[Result "1-0"]
[WhiteElo "2610"]
[BlackElo "2554"]

1.d4 Nf6 2.c4 e6 3.Nf3 d5 4.g3 Be7 5.Bg2 O-O 6.O-O dxc4 7.Qc2 a6 8.a4 Bd7
9.Qxc4 Bc6 10.Bg5 Bd5 11.Qc2 Be4 12.Qd1 c5 13.dxc5 h6 14.Bxf6 Bxf6 15.Nbd2 Bc6
16.Qc2 Nd7 17.Nb3 Bd5 18.Nfd2 Bxg2 19.Kxg2 Rc8 20.Rfd1 Be7 21.Qe4 Nxc5 22.Nxc5 Rxc5
23.Nb3 Rd5 24.Rxd5 exd5 25.Qf3 Qd7 26.Nd4 Bf6 27.Nf5 Qe6 28.Rd1 d4 29.Nxd4 Qb6
30.Nf5 Qxb2 31.Rd6 Kh7 32.a5 Qc3 33.e3 Rd8 34.Qxb7 Rxd6 35.Nxd6 Qxa5 36.Qe4+ g6
37.Qc4 Bg7 38.Qxf7 Qb4 39.Qd7 a5 40.h4 Qd2 41.Qe6 Qb2 42.h5 Qf6 43.hxg6+ Qxg6
44.Qd5 a4 45.Nf5 Qe8 46.Qb7  1-0

[Event "Capo d'Orso"]
[Site "Porto Mannu PAL"]
[Date "2007.05.20"]
[Round "2"]
[White "Venturino,M"]
[Black "Grosse Honebrink,B"]
[Result "1-0"]
[WhiteElo "2176"]
[BlackElo "1945"]

1.d4 Nf6 2.c4 e6 3.g3 d5 4.Bg2 Be7 5.Nf3 c6 6.O-O Nbd7 7.Qc2 O-O 8.b3 Ne4
9.Nbd2 Ndf6 10.Bb2 Qa5 11.a3 Nxd2 12.Nxd2 b5 13.b4 Qb6 14.c5 Qc7 15.Nb3 a6
16.f3 Nd7 17.e4 dxe4 18.fxe4 Nf6 19.Qe2 Rd8 20.Rad1 Bb7 21.Na5 Rd7 22.Qf3 Rf8
23.Nxb7 Qxb7 24.Qb3 Rfd8 25.Qc3 a5 26.d5 cxd5 27.exd5 exd5 28.c6 Qb6+ 29.Kh1 axb4
30.axb4 d4 31.Qe1 Rc7 32.Qe5 d3 33.Rf4 Bd6 34.Rxd3 Re7 35.Rxd6 Rxe5 36.Rxd8+ Qxd8
37.Bxe5 Nd5 38.Rd4 Qg5 39.Bf4 Nxf4 40.c7  1-0

[Event "42nd Capablanca Mem Abierto"]
[Site "Havana CUB"]
[Date "2007.05.22"]
[Round "5"]
[White "Gomez,Fe"]
[Black "Pazos Gambarrotti,P"]
[Result "0-1"]
[WhiteElo "2329"]
[BlackElo "2375"]

1.d4 Nf6 2.Nf3 d5 3.c4 e6 4.g3 Be7 5.Bg2 O-O 6.O-O dxc4 7.Na3 Bxa3 8.bxa3 b5
9.Bg5 Bb7 10.Qb1 a6 11.e4 h6 12.Bxf6 Qxf6 13.a4 c6 14.Ne5 Qe7 15.f4 Ra7 16.axb5 axb5
17.a4 Nd7 18.axb5 Rxa1 19.Qxa1 cxb5 20.Qa5 Nxe5 21.fxe5 Qd8 22.Qa7 Qa8 23.Qxa8 Rxa8
24.d5 c3 25.d6 b4 26.Rc1 b3  0-1

[Event "Capo d'Orso"]
[Site "Porto Mannu PAL"]
[Date "2007.05.25"]
[Round "8"]
[White "Locci,D"]
[Black "Zuccarelli,A"]
[Result "1-0"]
[WhiteElo "2008"]
[BlackElo "1872"]

1.Nf3 d5 2.d4 Nf6 3.c4 e6 4.g3 Be7 5.Bg2 O-O 6.O-O c6 7.Nbd2 b6 8.Qc2 Bb7
9.b3 Na6 10.a3 dxc4 11.bxc4 c5 12.e3 Qc7 13.Qd3 Rfd8 14.Bb2 e5 15.d5 Bd6
16.Ne4 Nxe4 17.Qxe4 Re8 18.Ng5 g6 19.Qh4 f6 20.Ne6 Qe7 21.f4 Bc8 22.f5 g5
23.Qg4 Bxe6 24.fxe6 Kg7 25.h4 h6 26.Be4 Kg8 27.hxg5 hxg5 28.Rf2 Kg7 29.Qh5 Kg8
30.Bg6 Rf8 31.Rh2 Qg7 32.Bf7+ Rxf7 33.exf7+ Kf8 34.Qh8+  1-0

[Event "50th TCh-SRB Cup"]
[Site "Mataruska Banja SRB"]
[Date "2007.05.27"]
[Round "7"]
[White "Levnajic,P"]
[Black "Adzic,M"]
[Result "1-0"]
[WhiteElo "2245"]
[BlackElo "2253"]

1.d4 d5 2.Nf3 Nf6 3.c4 e6 4.g3 Be7 5.Bg2 O-O 6.Qc2 Nbd7 7.O-O c6 8.b3 Re8
9.Nc3 Bb4 10.Bb2 h6 11.Rfd1 Qe7 12.a3 Ba5 13.e3 a6 14.Ne2 Bc7 15.Nf4 dxc4
16.Qxc4 Nf8 17.Rac1 Bd6 18.Ne5 Bd7 19.Nfd3 Rad8 20.Nc5 Bc8 21.a4 N6h7 22.Qc2 f6
23.Nc4 Bc7 24.Ba3 Qf7 25.Ne4 Qh5 26.Ned6 Ng5 27.Nxe8 Rxe8 28.Bd6 Bxd6 29.Nxd6 Rd8
30.Nxc8 Rxc8 31.d5 exd5 32.Rxd5 Qe8 33.h4 Nge6 34.Rd6 Nc7 35.Qf5 Rb8 36.Rcd1 Qe7
37.Qf4 Re8 38.Bf3 Kh8 39.Bh5 Ra8 40.Rd7 Nxd7 41.Qxc7 Qe5 42.Rxd7 Qxh5 43.Rxg7 Qf5
44.Qe7 Rd8 45.e4  1-0

[Event "29th Mem Nezhmetdinov"]
[Site "Kazan RUS"]
[Date "2007.06.01"]
[Round "1"]
[White "Gazizov,R"]
[Black "Azarov,S"]
[Result "0-1"]
[WhiteElo "2234"]
[BlackElo "2571"]

1.Nf3 Nf6 2.c4 e6 3.g3 d5 4.d4 Be7 5.Bg2 O-O 6.O-O c6 7.b3 Nbd7 8.Bb2 b6
9.Qc2 Ba6 10.Nbd2 c5 11.Rfc1 Rc8 12.a4 Re8 13.e3 cxd4 14.exd4 Bb4 15.Bc3 Bd6
16.a5 Bb7 17.axb6 axb6 18.Ne5 Bb8 19.f4 Qc7 20.Qd3 dxc4 21.bxc4 Red8 22.Bxb7 Nc5
23.Qf3 Nxb7 24.Bb2 Nd7 25.Ne4 f6 26.Nxd7 Qxd7 27.Kg2 Na5 28.Nd2 Bd6 29.c5 Bxc5
30.Nb3 Nxb3 31.Qxb3 Bf8 32.f5 Qd5+ 33.Qxd5 exd5 34.Ra7 b5 35.Rb7 b4 36.Kf3 Rc4
37.Rb5 Rdc8 38.Rxc4 Rxc4 39.Ra5 Rc2 40.Ba1 Rxh2  0-1

[Event "TCh-BIH"]
[Site "Vogosca BIH"]
[Date "2007.06.06"]
[Round "5"]
[White "Kelecevic,N"]
[Black "Batinic,P"]
[Result "1-0"]
[WhiteElo "2371"]
[BlackElo "2250"]

1.d4 d5 2.Nf3 Nf6 3.c4 e6 4.g3 Be7 5.Bg2 O-O 6.O-O Nbd7 7.Nbd2 c6 8.Qc2 b6
9.e4 dxe4 10.Nxe4 Nxe4 11.Qxe4 Ba6 12.Qc2 Rc8 13.Rd1 Qc7 14.Bf4 Bd6 15.Bxd6 Qxd6
16.Ng5 g6 17.Ne4 Qe7 18.c5 Rc7 19.b4 Nf6 20.Nxf6+ Qxf6 21.cxb6 axb6 22.a4 Rfc8
23.Rac1 Rd7 24.Qe4 Qe7 25.Qe1 Rd6 26.h4 Qd7 27.h5 Rxd4 28.Rxd4 Qxd4 29.h6 Bc4
30.Rd1 Qf6 31.Bxc6 g5 32.Qe3 Qxh6 33.Qxb6 e5 34.Rd8+ Rxd8 35.Qxd8+ Kg7 36.Bg2 g4
37.Qd1 Qe6 38.b5 f5 39.Qc1 Be2 40.Qc7+ Kf6 41.b6  1-0

[Event "Baden Challenge III"]
[Site "Neuhausen GER"]
[Date "2007.06.07"]
[Round "4"]
[White "Kuzubov,Y"]
[Black "Brener,I"]
[Result "1-0"]
[WhiteElo "2545"]
[BlackElo "2413"]

1.d4 Nf6 2.c4 e6 3.g3 d5 4.Bg2 Be7 5.Nf3 O-O 6.O-O dxc4 7.Qc2 a6 8.a4 Bd7
9.Qxc4 Bc6 10.Rd1 a5 11.Nc3 Na6 12.Bg5 Bxf3 13.Bxf3 c6 14.e4 h6 15.Bf4 Nb4
16.Rac1 Qb6 17.h4 Rfd8 18.Kg2 Rd7 19.Be3 Qa6 20.Qb3 Rad8 21.Be2 Qa8 22.Qc4 b6
23.Bf3 Qb8 24.Qe2 c5 25.Bf4 Qb7 26.d5 exd5 27.exd5 Bd6 28.Bxd6 Rxd6 29.Nb5 Ne8
30.Qxe8+ Rxe8 31.Nxd6 Qd7 32.Nxe8 Qxe8 33.d6 Qd7 34.Rc3 Kh7 35.Re3 c4 36.Re7 Qd8  1-0

[Event "7th ch-Euro Senior"]
[Site "Hockenheim GER"]
[Date "2007.06.08"]
[Round "7"]
[White "Butnorius,A"]
[Black "Pushkov,N"]
[Result "1-0"]
[WhiteElo "2402"]
[BlackElo "2522"]

1.d4 Nf6 2.c4 e6 3.Nf3 d5 4.g3 Be7 5.Bg2 O-O 6.O-O c6 7.Qc2 b6 8.Rd1 Ba6
9.Ne5 h6 10.Nc3 Qc8 11.e4 dxc4 12.d5 Rd8 13.Bf4 Bb7 14.Nxf7 Kxf7 15.d6 e5
16.dxe7 Rxd1+ 17.Rxd1 Qe6 18.Be3 Nbd7 19.a4 Kxe7 20.f3 Ke8 21.Bf1 a6 22.Qf2 b5
23.h4 Rd8 24.Kh2 Qe7 25.Bh3 b4 26.Nb1 a5 27.Rc1 Nf8 28.Rxc4 Ne6 29.Nd2 Qd6
30.Nb3 Ba6 31.Nxa5 Bxc4 32.Nxc4 Qe7 33.Nxe5 Ra8 34.Nxc6 Qd6 35.Nd4 Nxd4 36.Bxd4 Rd8
37.Be3 Qd1 38.a5 Qa1 39.Qc2 Qe1 40.Qc6+ Kf8 41.Qb6 Qe2+ 42.Bg2 Rd3 43.a6 Rb3
44.a7  1-0

[Event "2nd Maia Chiburdanidze Cup"]
[Site "Tbilisi GEO"]
[Date "2007.06.08"]
[Round "3"]
[White "Morchiashvili,B"]
[Black "Kuparadze,G"]
[Result "0-1"]
[WhiteElo "2396"]
[BlackElo "2399"]

1.d4 Nf6 2.c4 e6 3.g3 d5 4.Nf3 Be7 5.Bg2 O-O 6.O-O c6 7.Nc3 b6 8.Ne5 Bb7
9.e4 Nbd7 10.Nxd7 Qxd7 11.e5 Ne8 12.cxd5 cxd5 13.f4 f5 14.exf6 Bxf6 15.Be3 Nd6
16.Bf2 Rac8 17.Re1 Kh8 18.Qe2 Rfe8 19.Rad1 g6 20.h4 b5 21.a3 a5 22.h5 gxh5
23.Bh3 b4 24.Bxe6 Qg7 25.axb4 axb4 26.Na4 Ne4 27.Bxc8 Bxc8 28.Qxh5 Rg8 29.Rd3 Bd7
30.Nc5 Nxf2 31.Kxf2 Bxd4+ 32.Rxd4 Qxg3+ 33.Ke2 Bg4+ 34.Qxg4 Qxg4+ 35.Kd2 Rc8
36.Nb3 Rc4 37.Kd3 Qf3+  0-1

[Event "GM"]
[Site "Perm RUS"]
[Date "2007.06.12"]
[Round "1"]
[White "Gavrjushin,O"]
[Black "Letov,A"]
[Result "0-1"]
[WhiteElo "2407"]
[BlackElo "2333"]

1.Nf3 d5 2.c4 e6 3.g3 Nf6 4.d4 Be7 5.Bg2 O-O 6.O-O Nbd7 7.Qc2 c6 8.Nbd2 b6
9.e4 dxe4 10.Nxe4 Nxe4 11.Qxe4 Bb7 12.Ne5 Nxe5 13.dxe5 Rb8 14.Qe2 c5 15.Rd1 Qc7
16.Bxb7 Qxb7 17.Qg4 Rfd8 18.Bh6 g6 19.h4 Qc7 20.h5 Rbc8 21.Bg5 Rxd1+ 22.Rxd1 Rd8
23.Bxe7 Qxe7 24.h6 Kf8 25.Qf3 Rxd1+ 26.Qxd1 Ke8 27.Qf3 Qd7 28.Kf1 Kd8 29.Ke2 Ke8
30.Qa8+ Qd8 31.Qc6+ Ke7 32.Qb7+ Qd7 33.Qb8 Qd4 34.Qc7+ Kf8 35.Qd6+ Qxd6  0-1

[Event "2nd Maia Chiburdanidze Cup"]
[Site "Tbilisi GEO"]
[Date "2007.06.13"]
[Round "8"]
[White "Bagaturov,G"]
[Black "Melia,S"]
[Result "1/2-1/2"]
[WhiteElo "2478"]
[BlackElo "2396"]

1.d4 d5 2.Nf3 Nf6 3.c4 e6 4.g3 Be7 5.Bg2 O-O 6.O-O dxc4 7.Qc2 a6 8.a4 Bd7
9.Qxc4 Bc6 10.Nc3 b5 11.Qd3 b4 12.Nb1 Be4 13.Qd1 c5 14.Nbd2 Bd5 15.dxc5 Nbd7
16.c6 Bxc6 17.Nc4 Bd5 18.Nfe5 Nxe5 19.Nxe5 Rc8 20.Bf4 Bxg2 21.Kxg2 Nd5 22.Rc1 Rxc1
23.Qxc1 Nxf4+ 24.gxf4 Qd5+ 25.f3 Qb3 26.a5 Bd6 27.Qd1 Qxd1 28.Rxd1 Bxe5 29.fxe5 g6
30.f4 Rc8 31.Rd4 Rc5 32.Rxb4 Rxa5 33.Kf3 Rc5 34.Rb8+  1/2-1/2

[Event "11th Master Open"]
[Site "Voronezh RUS"]
[Date "2007.06.15"]
[Round "4"]
[White "Loginov,An"]
[Black "Rjabzev,K"]
[Result "0-1"]
[WhiteElo "2238"]
[BlackElo "2365"]

1.d4 d5 2.c4 e6 3.Nf3 Nf6 4.g3 Be7 5.Bg2 O-O 6.O-O dxc4 7.Qa4 a6 8.Qxc4 b5
9.Qc2 Bb7 10.Bd2 Nbd7 11.Ba5 Ra7 12.Nbd2 Qa8 13.Rfc1 Rc8 14.b4 Nb6 15.Ne1 Nbd5
16.Qb2 Ne8 17.Ne4 Ne3 18.fxe3 Bxe4 19.Qc2 Bxg2 20.Nxg2 Nd6 21.Qc6 Nc4 22.Rxc4 bxc4
23.Qxa8 Raxa8 24.Rc1 Rab8 25.Rxc4 c6 26.Ne1 f6 27.Nd3 Kf7 28.e4 Bd6 29.Nc5 Bxc5
30.Rxc5 Rb5 31.Rc4 Ke7 32.a4 Rbb8 33.e3 Kd6 34.Rc5 g6 35.e5+ fxe5 36.Rxe5 Rf8
37.Rc5 Rf3 38.Rc3 g5 39.g4 Rbf8 40.Bb6 Rf1+ 41.Kg2 R8f2+ 42.Kg3 Rf3+ 43.Kg2 R1f2+
44.Kg1 Re2 45.d5 exd5 46.Bc5+ Kd7 47.Bd4 Rff2 48.Be5 Rg2+ 49.Kf1 Ref2+ 50.Ke1 Rc2  0-1

[Event "King's Tournament"]
[Site "Bazna ROM"]
[Date "2007.06.18"]
[Round "3"]
[White "Vaganian,R"]
[Black "Ribli,Z"]
[Result "1/2-1/2"]
[WhiteElo "2590"]
[BlackElo "2580"]

1.d4 Nf6 2.c4 e6 3.Nf3 d5 4.g3 Be7 5.Bg2 O-O 6.O-O dxc4 7.Qc2 a6 8.a4 Bd7
9.Qxc4 Bc6 10.Bg5 Bd5 11.Qd3 c5 12.dxc5 Nbd7 13.Nc3 Nxc5 14.Qe3 Qa5 15.Nxd5 Nxd5
16.Qa3 Bxg5 17.Nxg5 h6 18.Rfc1 Nd7 19.Bxd5 Qxd5 20.Rd1  1/2-1/2

[Event "GM"]
[Site "Perm RUS"]
[Date "2007.06.18"]
[Round "7"]
[White "Shinkevich,V"]
[Black "Terekhin,A"]
[Result "0-1"]
[WhiteElo "2515"]
[BlackElo "2323"]

1.d4 d5 2.c4 e6 3.Nf3 Nf6 4.g3 Be7 5.Bg2 O-O 6.O-O dxc4 7.Qc2 a6 8.a4 c5
9.dxc5 Bxc5 10.Qxc4 Qc7 11.Be3 Bb6 12.Nbd2 Qxc4 13.Nxc4 Bxe3 14.Nxe3 Nc6
15.Nc4 Rb8 16.a5 Rd8 17.Nfe5 Nxe5 18.Nxe5 Kf8 19.Rac1 Ne8 20.Rc3 f6 21.Nc4 Bd7
22.Rfc1 e5 23.Rd1 Ke7 24.f4 exf4 25.gxf4 Bb5 26.Rdc1 Rd4 27.Nb6 Rd2 28.R1c2 Rd1+
29.Kf2 Rd4 30.Bf3 Rbd8 31.Ke3 g5 32.fxg5 fxg5 33.Rc5 Rh4 34.Rxg5 Rxh2 35.Rcc5 Nd6
36.Rh5 Rxh5 37.Rxh5 h6 38.Kf2 Nf7 39.Bxb7 Rd2 40.Rxb5 axb5 41.a6 Rxb2 42.a7 Ra2
43.a8=Q Rxa8 44.Bxa8 Kd6 45.Bd5 Ne5 46.Ba2 Kc5 47.Nd5 Kd4 48.Ne7 h5 49.Bg8 b4
50.e3+ Kd3 51.Nd5 b3 52.Nf4+ Kc2 53.Ke2 h4 54.Bh7+ Kc3  0-1

[Event "III EUICC"]
[Site "Arvier ITA"]
[Date "2007.06.19"]
[Round "5"]
[White "Schaefer,Mi1"]
[Black "Almond,R"]
[Result "1/2-1/2"]
[WhiteElo "2228"]
[BlackElo "2088"]

1.d4 d5 2.c4 e6 3.Nf3 Nf6 4.g3 Be7 5.Bg2 O-O 6.O-O Nbd7 7.Qc2 c6 8.Rd1 b6
9.Nbd2 Bb7 10.e4 dxc4 11.Nxc4 b5 12.Ne3 Qb6 13.b3 Rfd8 14.Bb2 Rac8 15.h4 h6
16.Nh2 Nf8 17.Qe2 a6 18.Nhg4 N8h7 19.Ne5 Bf8 20.Kh2 Qa7 21.a3 c5 22.d5 exd5
23.exd5 Qa8 24.Qf3 Re8 25.a4 Qb8 26.Qf5 Rcd8 27.axb5 axb5 28.Nc6 Bxc6 29.dxc6 Bd6
30.Ng4 Nxg4+ 31.Qxg4 Be5 32.Rxd8 Rxd8 33.Bxe5 Qxe5 34.Ra7 Nf6 35.Qf3 Rc8
36.Rb7 c4 37.bxc4 bxc4 38.Rb4 h5 39.Rxc4 Ng4+ 40.Rxg4 hxg4 41.Qxg4 Rc7  1/2-1/2

[Event "King's Tournament"]
[Site "Bazna ROM"]
[Date "2007.06.19"]
[Round "4"]
[White "Suba,M"]
[Black "Vaganian,R"]
[Result "1/2-1/2"]
[WhiteElo "2537"]
[BlackElo "2590"]

1.c4 e6 2.g3 d5 3.Bg2 Nf6 4.Nf3 Be7 5.d4 O-O 6.O-O dxc4 7.Qc2 a6 8.Qxc4 b5
9.Qc2 Bb7 10.Bd2 Ra7 11.Rc1 Be4 12.Qb3 Nc6 13.e3 Qa8 14.Qd1 b4 15.Be1 Bd5
16.Nbd2 Nb8 17.Nh4 Bxg2 18.Nxg2 c5 19.dxc5 Rc8 20.Qf3 Rxc5 21.Qxa8 Rxa8 22.Nb3 Rxc1
23.Rxc1 Nbd7 24.Kf1 a5 25.f3 g5 26.g4 h5 27.h3 hxg4 28.hxg4 Bd6 29.Nd2 Be5
30.Nc4 Bc7 31.b3 Kg7 32.Nb2 Be5 33.Nc4 Bc7 34.Nb2 Be5 35.Nc4  1/2-1/2

[Event "Open"]
[Site "Teplice CZE"]
[Date "2007.06.19"]
[Round "5"]
[White "Hausner,I"]
[Black "Stastny,P"]
[Result "1-0"]
[WhiteElo "2409"]
[BlackElo "2040"]

1.c4 e6 2.g3 Nf6 3.Bg2 d5 4.d4 Be7 5.Nf3 O-O 6.O-O dxc4 7.Ne5 c5 8.dxc5 Qc7
9.Nxc4 Qxc5 10.b3 Rd8 11.Qc2 Nc6 12.Ba3 Nb4 13.Bxb4 Qxb4 14.Nc3 Nd5 15.Ne4 Qb5
16.Rac1 Qe8 17.Rfd1 f5 18.Nc3 Nb4 19.Qb1 Bf6 20.Rxd8 Qxd8 21.e4 Rb8 22.exf5 exf5
23.Re1 Be7 24.Qd1 Qf8 25.Nd5 Nxd5 26.Qxd5+ Kh8 27.Qe5  1-0

[Event "III EUICC"]
[Site "Arvier ITA"]
[Date "2007.06.20"]
[Round "6"]
[White "Gorse,G"]
[Black "Ocantos,M"]
[Result "0-1"]
[WhiteElo "2058"]
[BlackElo "2178"]

1.d4 d5 2.c4 e6 3.g3 Nf6 4.Bg2 Be7 5.Nf3 O-O 6.O-O dxc4 7.Ne5 c5 8.dxc5 Bxc5
9.Qxd8 Rxd8 10.Nd2 c3 11.bxc3 Nd5 12.Nb3 Bd6 13.Nc4 Nxc3 14.Bb2 Bb4 15.Bf3 Na4
16.Rfd1 Rf8 17.Be5 Nc6 18.Bd6 Bxd6 19.Rxd6 Rb8 20.Nba5 Ne7 21.Rc1 b6 22.Nc6 Nxc6
23.Bxc6 Nc5 24.Ne5 Bb7 25.Nd7 Nxd7 26.Bxd7 Rfd8 27.Rc7 Kf8 28.f3 Bd5 29.e4 Rb7
30.Rc8 Rxc8 31.Bxc8 Rc7 32.exd5 Rxc8 33.dxe6 Rc1+ 34.Kf2 Rc2+ 35.Ke3 fxe6
36.a4 Ra2 37.Rd4 Ke7 38.h4 e5 39.Re4 Ra3+ 40.Ke2 Kd6 41.h5 g6 42.hxg6 hxg6
43.Rg4 Kd5 44.Rxg6 Rxa4 45.Rg8 b5 46.g4 b4 47.g5 Ke6 48.Re8+ Kf5 49.g6 Kxg6
50.Rxe5 Ra3 51.f4 a5 52.Kd2 b3 53.Kc3 a4 54.Kb2 Ra2+ 55.Kb1 Rf2 56.Ra5 Rxf4
57.Kb2 Rc4 58.Kb1 Kf6 59.Ra8 Ke5 60.Ra7 Kd4 61.Kb2 Kc5 62.Rb7 Rc2+ 63.Kb1 Rf2
64.Rb8 Kc4 65.Rc8+ Kb4 66.Rc1 a3 67.Rh1 a2+ 68.Ka1 Ka3  0-1

[Event "CIQ"]
[Site "Quebec CAN"]
[Date "2007.06.27"]
[Round "6"]
[White "Fareh,Y"]
[Black "Ye,L"]
[Result "0-1"]
[WhiteElo "2187"]
[BlackElo "2141"]

1.Nf3 Nf6 2.g3 e6 3.c4 d5 4.d4 Be7 5.Bg2 O-O 6.O-O c6 7.b3 Nbd7 8.Bb2 b6
9.Ne5 Bb7 10.Nd2 Rc8 11.Rc1 c5 12.e3 cxd4 13.exd4 Ba6 14.Re1 Nxe5 15.dxe5 Ne8
16.cxd5 exd5 17.Qg4 Bg5 18.f4 Bh6 19.Ba3 Nc7 20.Bxf8 Qxf8 21.Rc6 Ne6 22.Rec1 Rd8
23.Rxe6 fxe6 24.Qxe6+ Kh8 25.Bxd5 Bxf4 26.gxf4 Qxf4 27.Qe7 Qd4+ 28.Kg2 Qxd2+
29.Kg3 Qxd5 30.Rc7 Qd3+  0-1

[Event "Tespo Engineering"]
[Site "Brno CZE"]
[Date "2007.07.03"]
[Round "5"]
[White "Jirka,J"]
[Black "Brener,I"]
[Result "0-1"]
[WhiteElo "2367"]
[BlackElo "2413"]

1.d4 Nf6 2.c4 e6 3.g3 d5 4.Bg2 Be7 5.Nf3 O-O 6.O-O dxc4 7.Nc3 Nbd7 8.e4 c6
9.a4 a5 10.Qe2 b6 11.Rd1 Ba6 12.Bf4 Bb4 13.Qc2 Re8 14.Rd2 Qc8 15.Rad1 Ra7
16.h4 b5 17.Bh3 bxa4 18.Nxa4 Bxd2 19.Rxd2 h6 20.g4 Qb7 21.Nc3 Qb3 22.Qc1 Nxe4
23.Rc2 Nxc3 24.Rxc3 Qb5 25.Nd2 e5 26.Re3 Raa8 27.dxe5 Nc5 28.Bf1 Nd3 29.Bxd3 cxd3
30.h5 Rad8 31.Rg3 Qa4 32.Nf3 Qc2 33.Qe1 Qe2 34.Qxa5 Bc4 35.g5 d2 36.Nxd2 Qe1+
37.Kg2 Bf1+ 38.Kg1 Bh3+ 39.Kh2 Qxf2+ 40.Kxh3 Qxf4 41.Nf3 Rd3 42.Kg2 hxg5  0-1

[Event "White Nights"]
[Site "St Petersburg RUS"]
[Date "2007.07.03"]
[Round "9"]
[White "Mukhin,G"]
[Black "Chernov,Yury"]
[Result "1-0"]
[WhiteElo "2325"]
[BlackElo "2254"]

1.d4 Nf6 2.c4 e6 3.g3 d5 4.Nf3 Be7 5.Bg2 O-O 6.O-O dxc4 7.Qc2 a6 8.Nbd2 b5
9.Ng5 c6 10.b3 h6 11.Ngf3 cxb3 12.Nxb3 Bb7 13.Ne5 Qb6 14.Rd1 Rc8 15.Nc5 Bxc5
16.dxc5 Qc7 17.Bb2 Nbd7 18.Nxd7 Nxd7 19.Rd6 Rd8 20.Rad1 Nf6 21.Bxf6 gxf6
22.Qd2 Rxd6 23.cxd6 Qd7 24.Qxh6 c5 25.Bxb7 Qxb7 26.Qxf6 Qd7 27.Qg5+  1-0

[Event "White Nights"]
[Site "St Petersburg RUS"]
[Date "2007.07.03"]
[Round "9"]
[White "Gaprindashvili,N2"]
[Black "Anosov,S"]
[Result "1-0"]
[WhiteElo "2043"]
[BlackElo "2004"]

1.d4 Nf6 2.Nf3 d5 3.c4 e6 4.g3 Be7 5.Bg2 O-O 6.Qc2 Nbd7 7.O-O Ne4 8.Nc3 Ndf6
9.Ne5 Nxc3 10.bxc3 c6 11.a4 Nd7 12.Nxd7 Bxd7 13.c5 b6 14.cxb6 axb6 15.c4 b5
16.c5 Qa5 17.Bd2 Qa6 18.Rfb1 bxa4 19.Bf4 Ra7 20.Rb6 Qc4 21.Qxc4 dxc4 22.Bxc6 Bxc6
23.Rxc6 Rd8 24.Rb6 g5 25.Be3 Bf6 26.Rb4 e5 27.dxe5 Bxe5 28.Raxa4 Rxa4 29.Rxa4 c3
30.Rc4 h6 31.c6 Kf8 32.Bc5+ Ke8 33.f4 Bf6 34.Re4+  1-0

[Event "Canadian Open"]
[Site "Ottawa CAN"]
[Date "2007.07.07"]
[Round "1"]
[White "Miton,K"]
[Black "Duong Thanh Nha"]
[Result "1-0"]
[WhiteElo "2648"]
[BlackElo "2300"]

1.d4 d5 2.c4 e6 3.Nf3 Nf6 4.g3 Be7 5.Bg2 O-O 6.O-O c6 7.Nc3 Nbd7 8.b3 b6
9.Qd3 Bb7 10.Rd1 Qc8 11.Bb2 c5 12.cxd5 exd5 13.Rac1 Qb8 14.Nh4 Re8 15.Nf5 Bf8
16.dxc5 Nxc5 17.Qd4 Ne6 18.Nh6+ gxh6 19.Qxf6 Bg7 20.Qf5 d4 21.Nd5 Qe5 22.Qxe5 Bxe5
23.e3 Rad8 24.exd4 Bg7 25.Nc7 Nxc7 26.Bxb7 Nb5 27.Ba6 Nxd4 28.Ba3 Rd5 29.Bb4 Red8
30.Kg2 Bf8 31.Bc3 Bg7 32.Re1 R5d7 33.Re4 Ne6 34.Bc4 Bxc3 35.Rxc3 Nd4 36.Rg4+ Kf8
37.Bd3 f6 38.Bc4 b5 39.Bf1 a6 40.a4 Rd5 41.axb5 axb5 42.b4 f5 43.Rf4 Ne6
44.Rh4 Kg7 45.Rc6 Nf8 46.Rcxh6 R8d7 47.Rb6 Ng6 48.Rh5 Re5  1-0

[Event "6th IM"]
[Site "Condom FRA"]
[Date "2007.07.08"]
[Round "2"]
[White "Cioara,A"]
[Black "Bujisho,B"]
[Result "1-0"]
[WhiteElo "2430"]
[BlackElo "2384"]

1.d4 e6 2.c4 Nf6 3.g3 d5 4.Bg2 Be7 5.Nf3 O-O 6.O-O dxc4 7.Qc2 a6 8.a4 Bd7
9.Qxc4 Bc6 10.Bg5 Nbd7 11.Nc3 h6 12.Bxf6 Nxf6 13.Rfe1 Bd5 14.Qd3 c5 15.e4 Bc6
16.Rad1 cxd4 17.Nxd4 Qb6 18.e5 Nh7 19.Nxc6 bxc6 20.Qc2 Rfd8 21.Ne4 Rab8 22.Nd2 Rxd2
23.Qxd2 Bb4 24.Qe3 Bc5 25.Qe2 Bd4 26.Rc1 c5 27.Kf1 Nf8 28.f4 Qb3 29.a5 Qb4
30.Ra1 Ng6 31.Be4 Ne7 32.Qxa6 f5 33.exf6 Qxb2 34.Qxe6+  1-0

[Event "ch-NOR"]
[Site "Hamar NOR"]
[Date "2007.07.09"]
[Round "4"]
[White "Gronn,A"]
[Black "Ekeberg,C"]
[Result "1/2-1/2"]
[WhiteElo "2310"]
[BlackElo "2331"]

1.d4 Nf6 2.c4 e6 3.g3 d5 4.Nf3 Be7 5.Bg2 O-O 6.O-O dxc4 7.Qc2 a6 8.Qxc4 b5
9.Qc2 Bb7 10.Bd2 Be4 11.Qc1 Qc8 12.Be3 Nbd7 13.Nbd2 Bd5 14.Nb3 a5 15.Ne5 Bxg2
16.Kxg2 Nxe5 17.dxe5 Qb7+ 18.Kg1 Nd7 19.Nxa5 Rxa5 20.Qd2 b4 21.Qxd7 Bc5 22.Bxc5 Rxc5
23.Rac1 Qb6 24.e3 h6 25.Qd4 Rxc1 26.Rxc1 Qa5 27.Rc5 Qxa2 28.Rxc7 Qa1+ 29.Kg2 Qa8+
30.f3 b3 31.Rd7 Qc6 32.Qd2 Qb5 33.Rd8 Rxd8 34.Qxd8+ Kh7 35.Kf2 Qc4 36.Qd2 h5
37.f4 Qe4 38.Kg1 Qd4  1/2-1/2

[Event "Inautomarket Open"]
[Site "Minsk BLR"]
[Date "2007.07.10"]
[Round "1"]
[White "Miroshnichenko,E"]
[Black "Berlin,T"]
[Result "1-0"]
[WhiteElo "2671"]
[BlackElo "2218"]

1.Nf3 d5 2.d4 Nf6 3.c4 e6 4.g3 Be7 5.Bg2 O-O 6.O-O b6 7.Nc3 Bb7 8.cxd5 exd5
9.Ne5 Nbd7 10.Qa4 Nxe5 11.dxe5 Ne8 12.Rd1 c6 13.e4 Nc7 14.exd5 Nxd5 15.Nxd5 cxd5
16.Be3 Bc5 17.Bxc5 bxc5 18.Rac1 Re8 19.Rxc5 Rxe5 20.Qb3 Qe7 21.Qc3 Re8 22.h4 Qe6
23.Qd4 h6 24.Rc7 Qa6 25.Kh2 g5 26.Bf1 Qg6 27.Rxb7 gxh4 28.gxh4 Re4 29.Qxd5 R8e5
30.Qd8+ Re8 31.Bc4 Qf5 32.Rxf7 Qe5+ 33.Rf4+ Rxc4 34.Rg1+ Kh8 35.Qxe8+ Qxe8
36.Rxc4 Qe5+ 37.Rg3 Qxb2 38.Kg2 Qxa2 39.Rc8+ Kh7 40.Rc7+ Kh8 41.Rd3 Qg8+
42.Kf1 Qb8 43.Rdd7 a5 44.Rh7+  1-0

[Event "Campeonato Continental Absolut"]
[Site "Cali COL"]
[Date "2007.07.12"]
[Round "3"]
[White "Gulko,B"]
[Black "Capo Vidal,U"]
[Result "1/2-1/2"]
[WhiteElo "2576"]
[BlackElo "2361"]

1.c4 e6 2.Nf3 d5 3.d4 Nf6 4.g3 Be7 5.Bg2 O-O 6.Qc2 Nc6 7.a3 dxc4 8.Qxc4 Qd5
9.Qxd5 exd5 10.Bf4 Bg4 11.Nbd2 Bd6 12.O-O a5 13.Rfc1 a4 14.e3 Bxf3 15.Bxf3 Ra5
16.Rc2 Rfa8 17.Bxd6 cxd6 18.Be2 Re8 19.Nb1 h6 20.Nc3 Ne4 21.Nb5 Na7 22.Nxa7 Rxa7
23.Rac1 Raa8 24.Rc7 Reb8 25.Bb5 Nf6 26.Re7 Ra5 27.Bd3 Ne8 28.Rd7 Kf8 29.Kg2 b5
30.Rc6 Raa8 31.Be2 b4 32.Bf3 bxa3 33.bxa3 Ra5 34.g4 g5 35.Kg3 Kg7 36.Be2 Raa8
37.Kf3  1/2-1/2

[Event "Kaupthing Open"]
[Site "Differdange LUX"]
[Date "2007.07.12"]
[Round "7"]
[White "Zienkiewicz,Alexandre"]
[Black "Struk,J"]
[Result "1/2-1/2"]
[WhiteElo "2037"]
[BlackElo "2240"]

1.d4 d5 2.Nf3 Nf6 3.c4 e6 4.g3 Be7 5.Bg2 O-O 6.O-O dxc4 7.Qc2 a6 8.Qxc4 b5
9.Qc2 Bb7 10.Bd2 Be4 11.Qc1 b4 12.Bg5 Nbd7 13.Nbd2 Bb7 14.Nb3 a5 15.Rd1 Ra7
16.Bxf6 Bxf6 17.Qf4 a4 18.Nc5 Nxc5 19.dxc5 Qa8 20.Rab1 b3 21.axb3 axb3 22.Ne1 Bxg2
23.Nxg2 Qc6 24.Qc4 Rb8 25.Ne1 Ra4 26.Qc1 h5 27.h3 Qe4 28.Qe3 Qxe3 29.fxe3 Rc4
30.Nd3 Bg5 31.Kf2 h4 32.gxh4 Bxh4+ 33.Kf3 Bf6 34.e4 g6 35.Rbc1 Ra4 36.Ra1 Rba8
37.Rxa4 Rxa4 38.Rc1 Kf8 39.e5  1/2-1/2

[Event "6th Open"]
[Site "La Fere FRA"]
[Date "2007.07.12"]
[Round "8"]
[White "Defrance,L"]
[Black "Molet,A"]
[Result "1-0"]
[WhiteElo "2178"]
[BlackElo "1924"]

1.d4 d5 2.Nf3 e6 3.c4 Nf6 4.g3 Be7 5.Bg2 O-O 6.O-O Nbd7 7.Qc2 c6 8.Nbd2 b6
9.b3 Bb7 10.Bb2 Rc8 11.Rac1 c5 12.Qb1 Rc7 13.Rfd1 Qa8 14.dxc5 Bxc5 15.Qa1 Rd8
16.a3 h6 17.b4 Be7 18.cxd5 Rxc1 19.Rxc1 Bxd5 20.Nc4 Ne8 21.Ne3 Bb7 22.Nd4 Bxg2
23.Nxg2 Rc8 24.Ne3 Ndf6 25.b5 Nd6 26.a4 Nfe4 27.Nc6 Bf8 28.f3 Nc5 29.Rd1 Ndb7
30.Nc4 Nd8 31.N6e5 Qb7 32.Ne3 Qe7 33.Qa2 Qg5 34.f4 Qe7 35.Qc4 Qb7 36.Qd4 Qe7
37.N3g4 h5 38.Nf2 a6 39.Ba3 axb5 40.axb5 Ra8 41.Bb2 Qf6 42.Kg2 Ndb7 43.Ne4 Nxe4
44.Qxe4 Nc5  1-0

[Event "Campeonato Continental Absolut"]
[Site "Cali COL"]
[Date "2007.07.14"]
[Round "5"]
[White "Cordova,Em"]
[Black "Alzate,D"]
[Result "1-0"]
[WhiteElo "2507"]
[BlackElo "2392"]

1.d4 Nf6 2.Nf3 e6 3.g3 d5 4.Bg2 Be7 5.c4 O-O 6.Qc2 dxc4 7.Qxc4 a6 8.Bf4 Nd5
9.Bd2 b5 10.Qc2 Bb7 11.O-O Ra7 12.e4 Nb4 13.Qb3 c5 14.Bxb4 cxb4 15.Qe3 Qb6
16.Nbd2 Ba8 17.Rac1 Rd7 18.Rfd1 Rfd8 19.Nf1 Bf6 20.Rd2 g6 21.Rcd1 Qc7 22.h4 Nc6
23.Bh3 Re7 24.h5 Ree8 25.N1h2 Bg7 26.hxg6 hxg6 27.Ng4 Ne7 28.Nh6+ Bxh6 29.Qxh6 Nf5
30.exf5 exf5 31.Ng5  1-0

[Event "Open A"]
[Site "Oberwart AUT"]
[Date "2007.07.14"]
[Round "8"]
[White "Ghaem Maghami,E"]
[Black "Kovacs,Ga2"]
[Result "1/2-1/2"]
[WhiteElo "2610"]
[BlackElo "2478"]

1.c4 e6 2.Nf3 Nf6 3.g3 d5 4.d4 Be7 5.Bg2 O-O 6.Nbd2 b6 7.cxd5 Nxd5 8.e4 Nf6
9.O-O Bb7 10.e5 Nd5 11.Ne4 Qd7 12.Bg5 Ne3 13.Bxe3 Bxe4 14.Qe2 Qc8 15.Rfe1 Re8
16.Nd2 Bxg2 17.Kxg2 c5  1/2-1/2